Educación popular : experiencias y desafíos /

Compilación de textos de varios autores que son utilizados como bibliografía básica para la formación de profesores para educación popular. No se trata sólo de escritos teóricos, sino de la transmisión de experiencias de trabajo educativo, al mismo tiempo que se presentan perspectivas y desafíos par...

Descripció completa

Guardat en:
Dades bibliogràfiques
Altres autors: Paolucci, Rubens, hijo (autor) (autor), Martínez Heredia, Fernando (presentación) (presentación)
Format: Llibre
Idioma:espanyol
Publicat: Buenos Aires, Argentina : Universidad Popular Madres de Plaza de Mayo, 2001, c2001
Matèries:
Etiquetes: Afegir etiqueta
Sense etiquetes, Sigues el primer a etiquetar aquest registre!

MARC

LEADER 00000nam^a2200000^a^4500
001 000388521
005 20250521000000.0
009 20260310121055.516
020 |a 987-97335-4-1 
037 |a Acervo ITESO - Biblioteca 
041 |a ESP 
082 |a 361. 8  |b PAO 
245 0 0 |a Educación popular :  |b experiencias y desafíos /  |c R. Paolucci, hijo... [et al.] ; presen. de F. Martínez Heredia. 
264 4 |a Buenos Aires, Argentina :  |b Universidad Popular Madres de Plaza de Mayo,  |c 2001, c2001 
300 |a 237 p. 
336 |a texto  |b txt  |2 rdacontenido 
337 |a sin mediación  |b n  |2 rdamedio 
338 |a volumen  |b nc  |2 rdasoporte 
520 |a Compilación de textos de varios autores que son utilizados como bibliografía básica para la formación de profesores para educación popular. No se trata sólo de escritos teóricos, sino de la transmisión de experiencias de trabajo educativo, al mismo tiempo que se presentan perspectivas y desafíos para la práctica pedagógica. 
649 |a XX 
650 |a Formación y Capacitación de Profesores -  |x Tema Principal 
650 |a Alfabetización 
650 |a Sistema Escolar 
650 |a Educación de Adultos 
650 |a Metodología Educativa 
650 |a Proceso Educativo 
650 |a Filosofía de la Educación 
650 |a Educación y Promoción Popular -  |x Tema Principal 
650 |a Educación y Política 
650 |a Educación y Sociedad 
650 |a Sociología de la Educación 
700 |a Paolucci, Rubens,  |c hijo  |e (autor) 
700 |a Martínez Heredia, Fernando  |e (presentación) 
910 |a Fondo Carlos Núñez Hurtado 
920 |a Impresos - Libros 
930 |a Fondos Especiales 
905 |a 117 
901 |a 0500283069  |b IT2  |c ESP  |i D80689  |u 20250521 
902 |a https://opac.biblio.iteso.mx/vufind/Record/000388521